000 00370nam a2200157 4500
008 190521s2002||||xo d
245 1 0 _aPyramidy bez záhad 1
260 _bEko-konzult
_c2002
_aBratislava
300 _a100s.
100 1 _aRichter Johan
_91115
250 _a1.vydanie
020 _a9788088809401
_c0
041 1 _aslo
044 _axo
_cSK
958 _aA
999 _c22411
_d22411